000 00335cam a22001217a 4500
008 180718b1940 xxu||||| |||| 00| 0 eng d
082 _aA38 G187
100 _aGarnett, Richard
245 _aThe Twilight of the gods, and other tales
_cby Richard Garnett
260 _aLondon
_bWatts
_c1940
300 _a118p.
500 _aFirst pub. 1889
999 _c366413
_d366413